Význam otevřeného a svobodného internetu pro ekonomický rozvoj: případ Čínské lidové republiky

Internet ako faktor podporujúci hospodársky rast krajiny. Podmienky, za ktorých môžu štáty potenciál internetu využiť. Zdôraznenie zabezpečenia otvoreného a slobodného internetového prostredia. Prípadová štúdia zameraná Čínsku ľudovú republiku a potenciál vyšších ziskov z využívania otvoreného inter...

Descrizione completa

Salvato in:
Dettagli Bibliografici
Autore principale: Švec, Jan
Natura: Capitolo di libro
Lingua:ceco
Soggetti:
Tags: Aggiungi Tag
Nessun Tag, puoi essere il primo ad aggiungerne!!

MARC

LEADER 00000naa a2200000 4500
001 0281838
005 20240417075152.7
041 0 |a cze 
044 |a CZ 
245 1 0 |a Význam otevřeného a svobodného internetu pro ekonomický rozvoj: případ Čínské lidové republiky  |c Jan Švec 
520 |a Internet ako faktor podporujúci hospodársky rast krajiny. Podmienky, za ktorých môžu štáty potenciál internetu využiť. Zdôraznenie zabezpečenia otvoreného a slobodného internetového prostredia. Prípadová štúdia zameraná Čínsku ľudovú republiku a potenciál vyšších ziskov z využívania otvoreného internetu. 
610 2 0 |a internet 
610 2 0 |a rozvoj hospodársky 
610 2 0 |a štúdie prípadové 
610 2 0 |a technológie informačné 
610 2 0 |a technológie komunikačné 
610 2 0 |a technológie nové 
610 2 0 |a Čína 
100 1 |a Švec, Jan